000 00708nam a22002177a 4500
005 20251108173232.0
008 250721s2006 xx 000 0 ara d
082 1 4 _a375.3/خضر
100 1 _aخضر، فخري رشيد
245 1 0 _aطرائق تدريس الدراسات الاجتماعية /
246 1 1 _aMethods of Teaching Social Studies
264 1 _aعمان :
_bدار المسيرة للنشر والتوزيع،
_c2006.
300 _a423ص
650 1 7 _aطرق التعليم
650 1 7 _aالمناهج
650 1 7 _aأساليب التدريس
650 1 7 _aالمقررات الدراسي
650 1 7 _aالعلوم الإجتماعية
942 _2ddc
_cBK
999 _c99209
_d99209